000 01015nam a22002657a 4500
999 _c65876
_d65876
005 20240530110847.0
008 201026s2020 ua g b 000 0 ara d
017 _a2019/10006
_bمصر. دار الكتب
020 _a9789777537308
040 _aEG-CaGPL
_cEG-CaGPL
082 0 4 _221
_a025.04/
_bس ن
100 0 _aسمير احمد عوضين
245 1 0 _aنظم المكتبات الحديثة فى الالفية الثالثة /
_cسمير احمد عوضين
250 _aط.1
260 _aالقاهرة :
_bدار الوفاء لدنيا الطباعة و النشر،
_c2020.
300 _a360 ص. ؛
_c24 سم.
504 _aيشتمل على ارجاعات ببليوجرافية
650 0 7 _2qrmak
_aالخدمة المكتبية
650 0 7 _2qrmak
_aشبكات المكتبات والمعلومات
650 0 7 _2qrmak
_aالمكتبات، علم
650 0 7 _2qrmak
_aنظم المعلومات
651 _2qrmak
942 _2ddc
_cBK